书目信息 |
| 题名: |
1980年全国体育科学学术报告会论文摘要汇编
|
|
| 作者: | ;全国体育科学学术报告会 , 中国体育科学学会 | |
| 分册: | ||
| 出版信息: | 北京 人民体育出版社 1980 |
|
| 页数: | 310页 | |
| 开本: | 26cm | |
| 丛书名: | ||
| 单 册: | ||
| 中图分类: | G812.12 | |
| 科图分类: | ||
| 主题词: | 体育--中国--文集 , 体育事业--世界 | |
| 电子资源: | ||
| ISBN: | ||
| 000 | 00835nam0 2200265 45 | |
| 001 | 0180001106 | |
| 005 | 20040508091634.0 | |
| 010 | @dCNY2.00 | |
| 091 | @a7015.1949 | |
| 100 | @a19950503d1980 emky0chiy0121 ea | |
| 101 | 0 | @achi |
| 102 | @aCN@b110000 | |
| 105 | @ay dp 100yy | |
| 106 | @ar | |
| 200 | 10 | @a1980年全国体育科学学术报告会论文摘要汇编@A1980 nian quan guo ti yu ke xue xue shu bao gao hui lun wen zhai yao hui bian@f中国体育科学学会编 |
| 210 | @a北京@c人民体育出版社@d1980 | |
| 215 | @a310页@d26cm | |
| 606 | @a体育@y中国@x文集 | |
| 606 | 0 | @a体育事业@x世界 |
| 690 | @aG812.12 | |
| 711 | 12 | @a全国体育科学学术报告会@f1980 |
| 711 | 02 | @a中国体育科学学会@Azhong guo ti yu ke xue xue hui@4编 |
| 801 | 0 | @aCN@b上海图书馆@c20040508 |
| 801 | 2 | @aCN@bNLC@c20040508 |
| 905 | @f2@b55057-058@dG812.12@e4@b55060-061@f2 | |
| 1980年全国体育科学学术报告会论文摘要汇编/中国体育科学学会编.-北京:人民体育出版社,1980 |
| 310页;26cm |
| ISBN :CNY2.00 |
| ● |
| 相关链接 |
|
|
|
|
正题名:1980年全国体育科学学术报告会论文摘要汇编
索取号:G812.12/4
 
预约/预借
| 序号 | 登录号 | 条形码 | 馆藏地/架位号 | 状态 | 备注 |
| 1 | 0055057 | 000299322 | 密集书库/ [索取号:G812.12/4] | 在馆 | |
| 2 | 0055058 | 000299279 | 密集书库/ [索取号:G812.12/4] | 在馆 | |
| 3 | 0055060 | 000299260 | 密集书库/ [索取号:G812.12/4] | 在馆 | |
| 4 | 0055061 | 000299251 | 密集书库/ [索取号:G812.12/4] | 在馆 |